Bhagat Singh Se Yuva Peeri Kya Sikhe (Record no. 11180)

MARC details
000 -LEADER
fixed length control field 00278nam a22001217a 4500
003 - CONTROL NUMBER IDENTIFIER
control field OSt
100 ## - MAIN ENTRY--PERSONAL NAME
Personal name JUNEJA, M.M.
245 ## - TITLE STATEMENT
Title Bhagat Singh Se Yuva Peeri Kya Sikhe
260 ## - PUBLICATION, DISTRIBUTION, ETC. (IMPRINT)
Place of publication, distribution, etc Panchkula
Name of publisher, distributor, etc Modern Publications
Date of publication, distribution, etc 2019
300 ## - PHYSICAL DESCRIPTION
Extent 144
650 ## - SUBJECT ADDED ENTRY--TOPICAL TERM
Topical term or geographic name as entry element Gernal Book
942 ## - ADDED ENTRY ELEMENTS (KOHA)
Source of classification or shelving scheme Dewey Decimal Classification
Koha item type Text Books
Holdings
Withdrawn status Lost status Source of classification or shelving scheme Damaged status Not for loan Collection code Home library Current library Date acquired Source of acquisition Currency Cost, normal purchase price Bill Number Total Checkouts Full call number Acc. no. / Barcode Date last seen Actual Cost, discounted price Bill Date Koha item type Public note
    Dewey Decimal Classification     IKS- Indian Knowledge System PIET C-LIBRARY PIET C-LIBRARY 07/05/2022 Modern Publications Indian Rup 150.00 714   923.254 JNB 33546 07/05/2022 112.50 04/04/2022 Text Books Motivational

Design & Developed by: PIET Central Library
R70 Miles Stone Pattikalyana Samalkha Panipat 132102
mail ID :- [email protected], Phone No:- 0180-2569700 Ex.216